[Event "EU-chT (Men) 21st"]
[Site "Heraklion"]
[Date "2017.11.04"]
[Round "7.1"]
[White "Saric, Ivan"]
[Black "Grischuk, Alexander"]
[Result "1/2-1/2"]
[WhiteElo "2662"]
[BlackElo "2785"]
[Annotator "Roiz,M"]
[PlyCount "115"]
[EventDate "2017.10.28"]
[EventType "team-swiss"]
[EventRounds "9"]
[EventCountry "GRE"]
[SourceTitle "CBM 182"]
[Source "ChessBase"]
[SourceDate "2018.01.17"]
[SourceVersion "1"]
[SourceVersionDate "2018.01.17"]
[SourceQuality "1"]
[WhiteTeam "Croatia"]
[BlackTeam "Russia"]
[WhiteTeamCountry "CRO"]
[BlackTeamCountry "RUS"]

1. e4 e5 2. Nf3 Nc6 3. Bb5 Nf6 4. d3 Bc5 5. Nc3 {Not the most common move, but
Ivan has successfully employed it earlier.} O-O (5... Nd4 {is connected with a
temporary pawn sac and usaually leads to complications:} 6. Nxe5 O-O 7. Bc4 d6
(7... c6 8. O-O d6 9. Nxf7 Rxf7 10. Bxf7+ Kxf7 11. Na4 Bg4 12. Qd2 $14 {
Saric,I - Petrosyan,M Moscow RUS 2017}) 8. Nxf7 Rxf7 9. Bxf7+ Kxf7 10. h3 Qe8
11. Be3 Kg8 12. Ne2 Nxe2 13. Qxe2 Bb6 14. a3 Bd7 15. O-O d5 $132 {So,W -
Dominguez Perez,L Saint Louis USA 2017}) ({The quiet} 5... d6 {enables White
to exchange the powerful dark-squared bishop by means of} 6. Na4 Bb6 7. Nxb6
axb6 8. c3 {Black's position remains very solid, but it's not to everyone's
taste. For instance,} Bd7 (8... O-O 9. O-O Ne7 10. Re1 Bd7 11. Bxd7 Nxd7 12. d4
Ng6 13. a4 $14 {Balogh,C - Vallejo Pons,F Heviz 2008}) 9. Ba4 Ne7 10. Bc2 Ng6
11. h3 O-O 12. O-O h6 13. Re1 Re8 14. d4 $14 {Carlsen,M - Anand,V London ENG
2012}) 6. Bxc6 dxc6 7. Be3 Qe7 {Quite a rare, but natural move. Alexander is
making the d8-spot vacant for the rook.} ({Mostly, Black prefers to deviate
from exchanging the bishops:} 7... Bd6 8. h3 Re8 (8... Nd7 9. Ne2 c5 10. Ng3
Re8 11. Nf5 Nf8 12. Nd2 Qf6 $6 (12... Ne6 $11) 13. Qf3 Bxf5 14. exf5 e4 15.
Nxe4 Qxb2 16. O-O $36 {Karjakin,S - Malakhov,V Moscow RUS 2013}) 9. Qd2 Nd7 10.
Bg5 f6 11. Be3 b5 12. g4 a5 $132 {Zhigalko,S - Kasimdzhanov,R Baku AZE 2016})
8. Qd2 $146 {A novelty. Ivan goes for an ambitious setup with queenside
castling.} (8. h3 a5 9. O-O Re8 $11 {Firat,B - Kovalev,D Lviv UKR 2014}) 8...
Rd8 {This move seems somewhat inaccurate - the vulnerablity of the e5-pawn
causes Alexander some problems.} ({More to the point was} 8... Bb4 $5 9. a3 Ba5
10. h3 Rd8 11. b4 Bb6 $11) 9. Bxc5 ({But} 9. O-O-O $6 {is dubious:} Bb4 $1 10.
Qe1 b5 11. Kb1 a5 $36 {and the pin of the c3-knight is rather annoying.}) 9...
Qxc5 10. Qg5 ({Another possibility was} 10. O-O-O $5 Bg4 (10... Be6 11. Qg5 Nd7
12. d4 exd4 13. Qxc5 Nxc5 14. Nxd4 $14) 11. h3 Bxf3 12. gxf3 Nh5 13. Qe3 Qa5
14. Kb1 Nf4 15. Ne2 Nxe2 16. Qxe2 Rd6 17. Rdg1 $14) 10... Re8 {Admitting the
mistake.} 11. O-O-O $6 ({A much stronger move was} 11. d4 $1 Qa5 (11... Qb4 12.
O-O-O h6 13. Qh4 exd4 14. Nxd4 $14 {the pawn majority on the kingside offers
Black a stable positional advantage.}) 12. O-O-O Bg4 13. Rhg1 $1 h6 14. Qh4
exd4 15. Rxd4 $14 {and Black is definitely under some pressure.}) 11... Nd7 {
Alexander is playing somewhat passively.} ({I guess, GM Grischuk rejected} 
11... Qxf2 $1 {in view of} 12. Rhf1 Qc5 13. d4 {, but it was perfectly
playable for Black:} Qe7 14. Nxe5 Ng4 15. Qxe7 Rxe7 16. Nxg4 Bxg4 17. Rd3 Bh5
$11) 12. Qg3 a5 $6 {A loss of tempo.} (12... Nf6 {was hardly any better:} 13.
d4 exd4 14. Rxd4 Be6 15. e5 Nd5 16. Ne4 $36 {and White manages to extend the
initiative on the kingside.}) ({However, more to the point was} 12... Qe7 $1
13. d4 f6 14. h4 b5 $132 {consolidating the position and getting ready for a
counter-attack.}) 13. d4 exd4 14. Rxd4 Qb6 $2 {This is too passive - now the
lack of harmony in Black's camp is becoming dangerous.} ({Even though} 14...
Nb6 15. Qxc7 Nc4 16. Rd8 Bg4 17. Rhd1 Bxf3 18. gxf3 h5 $14 {wouldn't offer
Black full compensation for a pawn, it was still a better option.}) 15. Na4 {
GM Saric goes for a materialistic approach.} ({Another promising way of
handling the position was} 15. Rhd1 Nc5 (15... Nf8 16. R4d2 a4 17. a3 $16) 16.
R4d2 Be6 17. Nd4 $16 {and White's pieces are dominating all over the board due
to full control over the only open file.}) 15... Qa7 16. Qxc7 b5 17. Qxa7 Rxa7
18. Nc3 $16 {White is a pawn up, but Black manages to activate his pieces.} Nc5
19. Re1 b4 20. Ne2 {A slight inaccuracy.} ({It was better not to block the Re1:
} 20. Nd1 $1 Rae7 21. Nd2 f5 22. Rc4 Nxe4 23. Nxe4 Rxe4 24. Rexe4 Rxe4 25. Rxc6
Be6 26. Ra6 Re5 27. b3 {and White should be able to slowly convert the
material advantage into a full point.}) 20... Rae7 21. Ng3 f5 $1 22. e5 {
This is the most natural reaction, but the closed type of position favours
Black.} ({It was worth seriously considering} 22. Rc4 $5 Nxe4 23. Nxe4 fxe4 24.
Nd4 Bd7 25. Kd2 Rf8 26. Ke3 $16 {and Black wouldn't be able to keep the
material balance for too long.}) 22... g6 23. Rd6 Bb7 ({It made sense to try} 
23... Nd7 $5 24. e6 Nf8 {attacking the passer. In that case White would be
forced to play very precisely in order to keep the advantage:} 25. Ne2 $1 Rxe6
26. Rxe6 Nxe6 (26... Rxe6 27. Ned4 $16) 27. Ned4 c5 28. Nb3 $16) 24. h4 $1 {
Ivan is seizing more space and getting good spots for his knights.} Ne6 25. h5
c5 26. Nh4 Rg7 $6 {The passive strategy could have led to a defeat.} ({A
better try was} 26... f4 27. Ne2 ({But} 27. Ne4 {is less promising:} Bxe4 28.
Rxe4 Ng5 29. Rxf4 gxh5 $14) 27... Kg7 28. g3 fxg3 29. fxg3 Rf7 $16) 27. Red1 $2
{Ivan fails to find a proper way of regrouping his forces.} ({A much stronger
move was} 27. hxg6 hxg6 28. Nf1 $1 Kh7 29. Ne3 Rc7 30. Nc4 $18 {and White is
firmly in control.}) 27... f4 28. hxg6 hxg6 29. Ne2 $6 {Another step in the
wrong direction.} (29. Nf1 $142 Rh7 30. Nf3 Bxf3 31. gxf3 Rh5 32. Nd2 Rxe5 33.
Ra6 {keeping Black under definite pressure.}) 29... Kh7 $2 {Both sides are
committing mistakes in this complex endgame.} ({After} 29... g5 $1 30. Nf5 Rh7
31. f3 Rh2 32. Rd7 Ba6 $132 {the play would be double-edged.}) 30. b3 Rge7 31.
Kb2 Be4 $6 ({A better move was} 31... Kh6 32. Nf3 Bxf3 33. gxf3 Kg5 $16) 32. f3
$1 {It turns out, that the h4-knight is well located!} Bb7 33. Rxe6 {Ivan is
simplifying matters.} (33. Rb6 $1 {was simpler:} Rf7 34. Rdd6 Bc8 35. g4 $18 {
Black is almost paralysed.}) 33... Rxe6 34. Nxf4 Rxe5 35. Nhxg6 Re1 36. Rd7+
Kh6 37. Rxb7 Rd8 {The activity of his rooks enables Black to partly regain the
material.} 38. Nd3 Rxd3 39. cxd3 Re2+ 40. Kb1 Kxg6 {The activity of the rook
leaves Black some practical chances, but 2 pawns are too much!} 41. Rb5 Re1+
42. Kc2 Re2+ 43. Kc1 Rxa2 44. Rxc5 $2 {Luckily for Alexander, his opponent
misses the last opportunity of winning this game.} ({It was necessary to keep
both kingside passers:} 44. g4 $1 Rf2 45. Rxa5 Rxf3 46. Rxc5 Rxd3 47. Kc2 Rd4
48. Rc4 $18 {and the game is over.}) 44... Rxg2 45. Rxa5 Rg1+ 46. Kd2 Rg2+ 47.
Ke3 Rb2 {Now the powerful b4-pawn enables Alexander to achieve a draw.} 48. Kd4
Rxb3 49. Re5 ({After} 49. Rb5 Kf6 50. Kc4 Rc3+ 51. Kd4 Rb3 52. f4 Ke6 53. f5+
Kf6 {White cannot make progress.}) 49... Kf6 50. f4 Rb1 51. Rb5 Rf1 52. Ke4 Rb1
53. Rb6+ Ke7 54. Ke5 Kd7 55. f5 b3 56. Kf6 b2 57. Kf7 Rf1 58. Rxb2 1/2-1/2

[Event "Wch U20 54th"]
[Site "Khanty-Mansiysk"]
[Date "2015.09.07"]
[Round "6"]
[White "Duda, Jan Krzysztof"]
[Black "Grigoryan, Karen H"]
[Result "1-0"]
[WhiteElo "2645"]
[BlackElo "2609"]
[Annotator "Schulz,Andre"]
[PlyCount "95"]
[EventDate "2015.09.02"]
[EventType "swiss"]
[EventRounds "13"]
[EventCountry "RUS"]
[SourceTitle "EXT 2016"]
[Source "ChessBase"]
[SourceDate "2015.10.08"]
[SourceVersion "1"]
[SourceVersionDate "2015.10.08"]
[SourceQuality "1"]

1. e4 e5 2. Nf3 Nc6 3. Nc3 Nf6 4. Bb5 Nd4 5. Ba4 Bc5 6. Nxe5 O-O 7. Nd3 Bb6 8.
e5 Ne8 (8... c6 9. exf6 Re8+ 10. Kf1 Qxf6 11. b4 d6 12. Bb2 Qh4 13. h3 Bf5 14.
g4 Bxd3+ 15. cxd3 Nb3 16. Rh2 Nxa1 17. Bxa1 d5 18. Ne2 Bc7 19. Rh1 Bb6 20. Ng3
g6 21. Kg2 Re6 22. Qf3 Rae8 23. b5 Qe7 24. bxc6 bxc6 25. Bb2 Qb4 26. Bb3 Qxd2
27. Bc1 Qc3 28. Bg5 Qd4 29. Rf1 Qe5 30. Bf4 Qd4 31. Bg5 Qe5 32. h4 Qg7 33. Rc1
Qb2 34. Rc2 Qd4 35. h5 a5 36. a4 Qb4 37. Ba2 Qxa4 38. Rb2 Qd4 39. Rb1 a4 40.
hxg6 hxg6 41. Rh1 a3 42. Rh6 {0-1 (42) Ivanchuk,V (2704)-Radjabov,T (2734)
Beijing 2014}) 9. O-O ({Etwas häufiger sieht man} 9. Nd5 {z.B.:} c6 10. Ne3 d5
11. O-O f6 12. c3 Nf5 13. b4 Qc7 14. b5 fxe5 15. Ba3 Rf6 16. Nb4 e4 17. bxc6
Rh6 18. h3 Nh4 19. Nbxd5 Qe5 20. cxb7 Nf3+ 21. Qxf3 exf3 22. bxa8=Q {1-0 (22)
Morozevich,A (2760)-Svidler,P (2769) Thessaloniki 2013}) 9... d5 ({Der
"Normalzug" ist} 9... d6) 10. Kh1 (10. exd6 Nxd6 (10... Nf6 $5) 11. Kh1 c6 12.
Ne2 Nxe2 13. Qxe2 Qh4 14. Bb3 Bg4 15. Qe5 Bc7 16. Qf4 Rae8 17. h3 Re4 18. Qg3
Qxg3 19. fxg3 Be2 20. Rf4 Bxd3 21. cxd3 Re1+ 22. Kh2 g6 23. Rf3 Nf5 24. d4 h5
25. h4 Nxd4 26. Re3 Re8 27. Bc4 R8xe3 28. dxe3 Nf5 {0-1 (28) Tylor,T-Vlagsma,C
London 1948}) ({Eine Maschinenidee ist hier} 10. b3 {um den Tf8 zu bedrängen,
z.B.:} c5 11. Ba3 Ne6 $6 12. f4 $36) 10... c6 11. Ne2 Qh4 12. Ng3 Bg4 (12... f6
$5 13. c3 Nf5 14. Ne2 Bc7 $11) 13. f3 Be6 14. c3 Nf5 15. Ne2 d4 16. Bc2 Rd8 17.
c4 f6 ({Den c4 konnte man auch wegnehmen:} 17... Bxc4 18. b3 Ba6 19. Ba3 c5 $11
) 18. b3 (18. g3 $5) (18. g4 $5) 18... fxe5 19. Ba3 Rf6 20. Qe1 (20. Nxe5 $4 d3
$19) (20. g4 $6 {führt zu wilden Verwicklungen:} Bc7 21. Qe1 (21. gxf5 $2 e4
$19) 21... e4 22. Ndf4 d3 23. gxf5 Qxe1 24. Raxe1 dxe2 (24... dxc2 $2 25. Nxe6
$18) (24... Bxf5 25. Be7 dxe2 {ist Zugumstellung.}) 25. Rxe2 Bxf5 26. Be7 (26.
fxe4 Bh3 $19) 26... exf3 27. Ree1 (27. Rxf3 $2 Bg4 $11) 27... Rxd2 28. Bxf6
Bxf4 29. Rxf3 (29. Bxf5 Rxh2+ 30. Kg1 Rg2+ {Dauerschach}) 29... Bxc2 30. Rxe8+
Kf7 31. Re1 Rxh2+ 32. Kg1 gxf6 33. Rxf4 $14) 20... Qh6 21. Nxe5 (21. g4 $5 {
ist ehrgeiziger, aber auch unübersichtlicher:} Nh4 22. Nxe5 d3 23. Bxd3 Bc7
24. f4 Bxe5 25. g5 $1 (25. fxe5 Nf3 26. Qg3 Rxd3 $13) 25... Qh5 26. Ng3 Qg4 27.
gxf6 $18) 21... d3 22. Ng4 {Das war die Idee, aber...} dxe2 $1 {Ein
geistreiches Damen"opfer". Schwarz erhält am Ende Turm und zwei Leichtfiguren
und bleibt im Angriff.} ({Nach} 22... Qg5 {ist die Sache auch nicht klar:} 23.
Nc3 Rg6 (23... dxc2 24. Ne4 Qh5 25. Nexf6+ Nxf6 26. Qxe6+ Kh8 27. Qe5 {sonst
Sg3#} Bd4 (27... Ne8 28. Bb2 Bc7 29. Qe6 Ng3+ 30. Kg1 Nxf1 31. Kxf1 Qg6 32.
Qxg6 hxg6 $18) 28. Qf4 Bxa1 29. Rxa1 Nd7 $16) 24. Bd1 $13) 23. Nxh6+ Rxh6 24.
Rf2 ({Es drohte} 24. Z0 exf1=Q+ 25. Qxf1 Ng3#) 24... Bxf2 25. Qxf2 Rxd2 26. Qc5
({Der Lc2 is nicht zu retten:} 26. Bxf5 Rd1+ $19) 26... Ned6 (26... Rf6 $5 27.
Bb2 Rxc2 28. Bxf6 Nxf6 29. Qe5 Kf7 $13) 27. Qa5 ({Nach} 27. Re1 Rxc2 28. g4 Rc3
29. gxf5 Bxf5 (29... Nxf5 30. Qf8#) 30. Qxa7 Rxf3 {führt} 31. Qb8+ Kf7 32.
Bxd6 Rf1+ 33. Kg2 Be4+ 34. Kg3 Rg6+ 35. Kh4 Rh6+ 36. Kg3 Rg6+ $11 {zum Remis
durch Dauerschach.}) 27... Rxc2 28. Qd8+ Kf7 29. Qc7+ Ke8 30. Re1 Rd2 ({
Vielleicht bot} 30... Nc8 31. Qxb7 Bd7 {Schwarz bessere Chancen:} 32. Qb4 Rd6
33. Qa5 Rxa2 34. Qe5+ Re6 35. Qxf5 Rxa3 36. Qxh7 Kf7 37. Qd3 Nb6 $15) 31. Kg1
Rd1 (31... Bd7 $5 32. Qb8+ Ke7 33. Qxb7 Rd1 34. Kf2 Rxh2 35. Bxd6+ Nxd6 36.
Rxe2+ Kf6 37. Qb4 Rhh1 $13) 32. Kf2 Rxe1 33. Kxe1 Nc8 34. Kxe2 Bd7 35. Qxb7
Rxh2 36. Kf2 Rh6 37. Bc5 {Der Gewinn des schwarzen a-Bauern bietet Weiß nun
eine klare Gewinnchance, mit dem Vormarsch des eigenen a-Bauern.} Nfd6 38. Qb8
a6 39. Qa8 Rf6 40. Kg1 (40. Qxa6 $2 Ne4+ $19) 40... a5 41. Bd4 Rg6 42. Qxa5 Nf5
43. Bf2 Rd6 44. Qe1+ Kf7 (44... Nce7 45. a4 $18) 45. Bc5 Re6 46. Qd2 Ke8 47. a4
Nfd6 (47... Nce7 48. a5 Bc8 49. b4 $18) 48. Ba3 1-0

[Event "Gibraltar Masters 13th"]
[Site "Caleta"]
[Date "2015.02.05"]
[Round "10"]
[White "Hou, Yifan"]
[Black "Howell, David"]
[Result "1/2-1/2"]
[WhiteElo "2673"]
[BlackElo "2670"]
[Annotator "Schulz,Andre"]
[PlyCount "92"]
[EventDate "2015.01.27"]
[EventType "swiss"]
[EventRounds "10"]
[EventCountry "GGB"]
[SourceTitle "CBM 165"]
[Source "ChessBase"]
[SourceDate "2015.03.11"]
[SourceVersion "1"]
[SourceVersionDate "2015.03.11"]
[SourceQuality "1"]

1. e4 e5 2. Nf3 Nc6 3. Bb5 Nf6 4. Nc3 Bc5 5. O-O O-O 6. d3 Re8 7. Bg5 h6 8.
Bxf6 Qxf6 9. Nd5 Qd8 10. c3 a6 11. Ba4 Ba7 12. h3 Ne7 13. d4 Nxd5 14. exd5 exd4
15. Nxd4 b5 16. Bc2 Qf6 17. Qd3 g6 18. a4 c5 19. dxc6 dxc6 20. axb5 cxb5 21.
Rae1 Rxe1 22. Rxe1 Bb7 23. Bb3 Rd8 24. Qg3 Bxd4 25. cxd4 Kg7 (25... Bd5 $5 $15)
26. Rd1 Rd7 27. Qc3 h5 28. Ba2 Qc6 29. Qxc6 Bxc6 30. b4 Kf6 31. d5 Bb7 32. f4
Ke7 33. d6+ Kf6 34. g4 hxg4 35. hxg4 g5 (35... Bf3 36. g5+ Kg7 37. Rd2 Bc6 38.
Kf2 Rd8 39. Ke3 Kf8 40. f5 gxf5 41. Kf4 $18) 36. fxg5+ Kg6 (36... Kxg5 37. Bxf7
Rd8 38. Be6 $18) 37. Bb1+ (37. Bd5 Bxd5 38. Rxd5 a5 39. bxa5 b4 40. Kf2 b3 41.
Kg3 b2 42. Rb5 Rxd6 43. Rxb2 Rd3+ 44. Kf4 (44. Kh4 Ra3 45. Rb6+ Kg7 46. a6 Ra5
47. Rf6 $18) 44... Rd4+ 45. Kf3 Kxg5 46. Ra2 f5 47. gxf5 Kxf5 48. a6 Rd8 49. a7
Ra8 $11) 37... Kxg5 38. Bf5 Rd8 39. d7 Bf3 40. Rd4 Kf6 41. Rd3 Bb7 42. Kf2 Ke7
43. Re3+ Kd6 44. Re8 Kc7 45. g5 $2 (45. Ke3 Bc6 46. Re7 f6 47. Kd4 Kd6 48. Re6+
Kxd7 49. Kc5 Bb7 50. Rxf6+ Kc7 51. Rf7+ Kb8 52. Rd7 Rh8 53. Rd6 $18) 45... Bc6
46. Re7 Rg8 1/2-1/2

[Event "Hoogovens op"]
[Site "Wijk aan Zee"]
[Date "1993.01.??"]
[Round "6"]
[White "Nunn, John DM"]
[Black "Nikolic, Predrag"]
[Result "1/2-1/2"]
[WhiteElo "2580"]
[BlackElo "2630"]
[Annotator "Schussler,H"]
[PlyCount "106"]
[EventDate "1993.01.??"]
[EventType "swiss"]
[EventRounds "12"]
[EventCountry "NED"]
[SourceTitle "CBM 034"]
[Source "ChessBase"]
[SourceDate "1993.06.01"]
[SourceVersion "1"]
[SourceVersionDate "1993.06.01"]
[SourceQuality "1"]

1. e4 e5 2. Nf3 Nc6 3. Nc3 Nf6 4. Bb5 Nd4 5. Ba4 Bc5 6. Nxe5 O-O 7. Nd3 Bb6 8.
e5 Ne8 9. Nd5 d6 10. Ne3 dxe5 11. Nxe5 Qg5 12. N5c4 f5 13. f4 (13. c3 f4 $1 14.
cxd4 fxe3 15. Nxe3 Bxd4 $15 {Bogaerts-Geenen, Belgique 1991.}) 13... Qxf4 14.
c3 Ne6 (14... Qh4+ $2 15. g3 Qe4 16. O-O Nc6 17. d4 $16) 15. d4 Qh4+ (15... c6
16. g3 Qe4 17. Rf1 {+/-. Planning Bc2.}) 16. g3 Qh3 17. Bb3 Kh8 {17. - f4!?}
18. Nxb6 axb6 19. Bd5 $1 Nd6 (19... f4 20. Bg2 Qh6 21. Ng4 Qh5 22. Ne5 $16 {
(Nunn,J)}) 20. Bg2 Qh6 21. Nc4 Qf6 22. Nxd6 cxd6 23. O-O Nc7 $2 24. Bf4 Rd8 25.
d5 Bd7 26. Qd2 Re8 27. Qf2 $6 {27.c4!?} Ra6 28. Rfe1 {28.c4} b5 $1 29. a3 Kg8
30. Re3 {30.Be3 followed by 31.Bd4 +/- (Nunn,J)} Qf7 31. Rd1 h6 32. Rxe8+ Nxe8
33. Re1 Nf6 34. Qd4 Kh7 35. Qd3 Kg8 36. Re2 Nh5 37. Bd2 Ra8 38. Qd4 Re8 $14 39.
Rxe8+ Qxe8 40. Bf3 Nf6 41. Qb6 Ne4 42. Bf4 Ng5 43. Bxg5 hxg5 44. Kf2 f4 45. g4
Qe5 46. Kg2 Qe1 47. Qd8+ (47. Qxd6 $2 Qd2+ 48. Kh3 Qf2 $19) 47... Be8 48. Qxd6
Qd2+ 49. Kh3 Qf2 50. Qe6+ Bf7 51. Qe4 Qf1+ 52. Bg2 Qf2 53. Bf3 Qf1+ 1/2-1/2

[Event "Linares 10th"]
[Site "Linares"]
[Date "1992.??.??"]
[Round "11"]
[White "Short, Nigel D"]
[Black "Timman, Jan H"]
[Result "0-1"]
[WhiteElo "2685"]
[BlackElo "2620"]
[Annotator "Schussler,H"]
[PlyCount "56"]
[EventDate "1992.02.??"]
[EventType "tourn"]
[EventRounds "13"]
[EventCountry "ESP"]
[EventCategory "17"]
[SourceTitle "CBM 028"]
[Source "ChessBase"]
[SourceDate "1992.06.01"]
[SourceVersion "1"]
[SourceVersionDate "1992.06.01"]
[SourceQuality "1"]

1. e4 e5 2. Nf3 Nc6 3. Nc3 Nf6 4. Bb5 Nd4 5. Ba4 Bc5 6. Nxe5 O-O 7. Nd3 Bb6 8.
e5 Ne8 9. Nd5 $1 {? ECO C48/9,51} (9. O-O d6 10. exd6 Nf6 11. d7 Bxd7 12. Bxd7
Qxd7 13. Ne1 Rae8 14. d3 Ng4 15. Nf3 Nxf3+ 16. Qxf3 Nxf2 17. Nd5 Nxd3+ $1 (
17... Qxd5 18. Qxd5 Nh3+ $10 {Pachman ECO C48/9,55}) 18. Nxb6 Qd4+ $15 {
Huebner,R}) 9... d6 10. Ne3 {Short} (10. c3 $2 Qh4 11. Ne3 Qe4 $17 {
Tylor-Milner Barry/Hastings/1938-39/}) 10... Qg5 $6 (10... Qh4) (10... Qe7 $5 {
Ernst} 11. exd6 Nxd6 12. O-O c6 13. c3 N4f5 14. Ne1 Ne4 15. Bc2 Re8 16. d4 Bc7
17. Nd3 Qh4 18. Ne5 Bxe5 19. dxe5 Rxe5 $15 {Nikolenko,O-Makarichev,S/URS-ch58/
1991/1/2-1/2/52/ -> CBM 27}) (10... c6 $5 {Speelman} 11. O-O (11. c3 Nf5 12.
O-O Bc7 13. f4 dxe5 14. Nxe5 Nxe3 15. dxe3 $14 Qe7 16. Bc2 Nf6 17. e4 {Short,
N-Speelman,J (08)/London cm/1991/1/2-1/2/30/} Re8 18. Qf3 $14 Bxe5 19. fxe5
Qxe5 20. Bf4 {/\ e4-e5}) 11... Bc7 12. c3 Ne6 13. f4 dxe5 14. Nxe5 Nxf4 15. d4
Bxe5 $5 (15... Ng6 $5) 16. dxe5 Qxd1 17. Bxd1 Nd3 18. Nc4 Be6 (18... b6 $5) 19.
Na5 $1 $14 {Short,N-Speelman,J (09)/London cm 45'-1/1991/1/2-1/2/46/}) 11. f4
$6 (11. exd6 $5 Nxd6 12. O-O $13 {Nunn,J-Huebner,R/München/1991/1/2-1/2/30/}
N4f5 $1 13. Ne1 Nxe3 14. fxe3 Bg4 15. Nf3 Qh5 16. Qe1 c6) 11... Qg6 12. O-O f6
13. exd6 Nxd6 14. Nf2 N4f5 15. Nd5 Kh8 $1 {/\ ...Ne4, ...Nh4} (15... Ne4 16. d4
$1 (16. Nxb6 $2 Nh4 $1) 16... Bxd4 17. Qxd4 Nxd4 18. Ne7+ Kf7 19. Nxg6) 16.
Nxb6 axb6 17. c3 $2 (17. Bb3 Ne4 $15) 17... Rxa4 $1 18. Qxa4 Nh4 19. g3 Nf3+
20. Kg2 Nh4+ 21. Kg1 Nf3+ 22. Kg2 Be6 $1 23. Nh1 (23. Kxf3 Bd5+ 24. Ke2 Re8+)
23... Bd5 24. Rxf3 Nf5 25. Nf2 Nh4+ 26. Kf1 Nxf3 27. d3 Nxh2+ 28. Ke2 Bc6 0-1

[Event "ENG-ch m"]
[Site "England"]
[Date "1991.??.??"]
[Round "1"]
[White "Nunn, John DM"]
[Black "Hodgson, Julian M"]
[Result "0-1"]
[WhiteElo "2610"]
[BlackElo "2570"]
[Annotator "Schussler,H"]
[PlyCount "66"]
[EventDate "1991.12.??"]
[EventType "k.o."]
[EventRounds "3"]
[EventCountry "ENG"]
[SourceTitle "CBM 028"]
[Source "ChessBase"]
[SourceDate "1992.06.01"]
[SourceVersion "1"]
[SourceVersionDate "1992.06.01"]
[SourceQuality "1"]

1. e4 e5 2. Nf3 Nc6 3. Nc3 Nf6 4. Bb5 Bc5 5. O-O O-O 6. Nxe5 Nxe5 7. d4 Bd6 8.
f4 $1 Nc6 9. e5 Be7 (9... a6 10. Be2 Bb4 (10... Be7 11. d5 Nxd5 12. Nxd5 d6 13.
Nxe7+ Qxe7 14. exd6 $14 {Short,N-Adams,M (5)/ENG-ch m/1991/1-0/40/ -> CBM 28/
25.}) 11. d5 Bc5+ 12. Kh1 Nxd5 13. Nxd5 d6 14. Bd3 $14 {Short,N-Adams,M (2)/
ENG-ch m/1991/1-0/37/  -> CBM 28/22.}) 10. d5 Nb4 11. exf6 Bxf6 12. a3 {
12.Ne4!? (Short,N)} Bxc3 13. bxc3 Nxd5 14. Qxd5 c6 15. Qd3 cxb5 16. f5 f6 (
16... Re8 17. f6 $16 {Fedorov-Tseitlin/URS/1978/}) 17. a4 {17.Be3 + =} bxa4 18.
Rxa4 d5 19. Rh4 $2 Re8 20. Qd1 $2 Re5 21. Qh5 $2 Qb6+ $1 22. Kh1 Bxf5 $1 $19
23. Bf4 (23. Rxf5 Re1+ $19) 23... Qf2 $1 24. Qd1 (24. Rxf2 Re1+ $19) 24... Qxh4
25. Bxe5 fxe5 26. Rxf5 Qe4 27. Rf1 Rf8 28. Rxf8+ Kxf8 29. h3 Kg8 30. Qb1 b6 31.
Qa2 a5 32. Qb3 h6 33. Qxb6 a4 (33... a4 34. Qb2 Kh7 {/\ 35...Qc4, e5-e4-e3-e2})
0-1

[Event "Candidates m1"]
[Site "London"]
[Date "1991.??.??"]
[Round "8"]
[White "Short, Nigel D"]
[Black "Speelman, Jonathan S"]
[Result "1/2-1/2"]
[WhiteElo "2635"]
[BlackElo "2610"]
[Annotator "Schussler,H"]
[PlyCount "60"]
[EventDate "1991.01.??"]
[EventType "match"]
[EventRounds "8"]
[EventCountry "ENG"]
[SourceTitle "Candidates"]
[Source "ChessBase"]
[SourceDate "1999.07.01"]
[SourceVersion "2"]
[SourceVersionDate "1999.07.01"]
[SourceQuality "1"]

1. e4 e5 2. Nc3 Nf6 3. Nf3 Nc6 4. Bb5 Nd4 5. Ba4 Bc5 6. Nxe5 O-O 7. Nd3 Bb6 8.
e5 Ne8 9. Nd5 c6 10. Ne3 $1 (10. c3 Qh4 11. Ne3 Qe4 $1 $15 {Tylor-Milner-Barry,
Hastings 1938/39}) 10... d6 11. c3 Nf5 12. O-O Bc7 13. f4 dxe5 14. Nxe5 Nxe3
15. dxe3 Qe7 16. Bc2 Nf6 17. e4 Re8 18. Nf3 (18. Qf3 $5 Bxe5 19. fxe5 Qxe5 20.
Bf4 $14) 18... Nxe4 $1 19. Re1 {19.Bxe4 Qc5! = +} Bf5 20. Be3 Rad8 21. Nd4 Bg6
22. Qf3 Nf6 23. f5 (23. Nf5 Bxf5 24. Bxf5 Qxe3+ $5 25. Rxe3 Bb6 $13) 23... Bh5
24. Qh3 c5 25. Bg5 Qxe1+ 26. Rxe1 Rxe1+ 27. Kf2 Rde8 28. Bxf6 cxd4 29. Qxh5
gxf6 30. Bb3 R1e2+ $10 1/2-1/2

[Event "Daugavpils"]
[Site "Daugavpils"]
[Date "1990.??.??"]
[Round "?"]
[White "Gipslis, Aivars P"]
[Black "Rausis, Igors"]
[Result "1/2-1/2"]
[WhiteElo "2480"]
[BlackElo "2470"]
[Annotator "Schussler,H"]
[PlyCount "33"]
[EventDate "1990.02.??"]
[EventType "tourn"]
[EventRounds "9"]
[EventCountry "LAT"]
[EventCategory "8"]
[SourceTitle "CBM 017"]
[Source "ChessBase"]
[SourceDate "1990.08.01"]
[SourceVersion "1"]
[SourceVersionDate "1990.08.01"]
[SourceQuality "1"]

1. e4 e5 2. Nf3 Nc6 3. Bb5 Nf6 4. Nc3 Nd4 5. Nxd4 exd4 6. e5 dxc3 7. exf6 Qxf6
8. dxc3 Qe5+ 9. Qe2 Qxe2+ 10. Bxe2 d5 11. Bf3 Be6 12. c4 O-O-O 13. cxd5 Bxd5
14. Bxd5 Rxd5 15. Be3 Bc5 16. Bxc5 Rxc5 17. O-O-O {A perfect game for a short
draw.} 1/2-1/2